000 00310nam a2200133Ia 4500
005 20260328104334.0
008 260328s9999||||xx |||||||||||||| ||und||
100 _aCobbers, Arnt
245 0 _aPreFab Houses /
_cArnt Cobbers
260 _bTaschen
300 _a386 p.
650 _aCASAS DE CAMPO
942 _cBK
999 _c11808
_d11808